[Event "8 Player Open 11"]
[Site "SchemingMind.com"]
[Date "2014.09.09"]
[Round "-"]
[White "Don71"]
[Black "khayman"]
[Result "0-1"]
[WhiteCountry "NIR"]
[BlackCountry "ENG"]
[WhiteElo "2310"]
[WhiteRD "87"]
[BlackElo "2519"]
[BlackRD "92"]
[GameID "364310"]

1. e4 c5 2. Nf3 d6 3. Bb5+ Nc6 4. d4 cxd4 5. Nxd4 Bd7 6. Nc3 Nf6 7. O-O g6 8. Nd5 Bg7 9. Nxf6+ Bxf6 10. Be3 O-O
11. c3 Nxd4 12. Bxd7 Qxd7 13. Bxd4 Bxd4 14. Qxd4 Rfc8 15. Rfe1 Qb5 16. Qd2 Rc5 17. Re3 Rac8 18. Rae1 f6 19. Rh3 h5 20. b3 Kg7
21. c4 Qd7 22. a4 a6 23. a5 Qc7 24. Ra1 Rh8 25. Rd3 h4 26. Rd5 h3 27. g4 g5 28. Kh1 b5 29. axb6 Qxb6 30. Rd3 Rh4
31. f3 Rh8 32. Qc3 a5 33. Re3 Ra8 34. Ra4 Rb8 35. Qe1 Qc7 36. Rd3 Rb4 37. Rxb4 axb4 38. Qxb4 Ra5 39. Rd1 Ra2 40. Qc3 Qa7
41. f4 Qf2 42. Qxh3 Qxf4 43. Re1 Qd2 44. Rg1 Qc2 45. Re1 Rb2
0-1

[Event "8 Player Open 11"]
[Site "SchemingMind.com"]
[Date "2014.09.10"]
[Round "-"]
[White "khayman"]
[Black "Don71"]
[Result "1-0"]
[WhiteCountry "ENG"]
[BlackCountry "NIR"]
[WhiteElo "2519"]
[WhiteRD "92"]
[BlackElo "2310"]
[BlackRD "87"]
[GameID "364311"]

1. d4 Nf6 2. c4 e6 3. g3 c5 4. d5 d6 5. Nc3 Be7 6. Bg2 O-O 7. Nf3 exd5 8. cxd5 a6 9. a4 Nbd7 10. O-O Rb8
11. e4 b5 12. axb5 axb5 13. Qc2 Qb6 14. Re1 Bb7 15. Bf1 b4 16. Na4 Qa5 17. Nd2 Qc7 18. b3 Ra8 19. Bb2 Ne8 20. f4 Bf6
21. Bg2 Bxb2 22. Qxb2 Ba6 23. e5 f5 24. Nf3 Bb5 25. Ng5 Qb8 26. Bf1 Bxf1 27. Kxf1 h6 28. Ne6 Rf7 29. Qe2 Re7 30. Rad1 g6
31. Kg1 Ra5 32. g4 Ng7 33. Kh1 dxe5 34. Nxg7 Kxg7 35. gxf5 gxf5 36. fxe5 Rxe5 37. Qg2+ Kh7 38. Rg1 Qf8 39. Qg6+ Kh8 40. Rd3 Nf6
41. Rh3 Ng8 42. Qb6
1-0

[Event "8 Player Open 11"]
[Site "SchemingMind.com"]
[Date "2014.09.09"]
[Round "-"]
[White "Don71"]
[Black "GBEDARD"]
[Result "1-0"]
[WhiteCountry "NIR"]
[BlackCountry "USA"]
[WhiteElo "2325"]
[WhiteRD "85"]
[BlackElo "1979"]
[BlackRD "67"]
[GameID "364312"]

1. e4 d6 2. d4 Nf6 3. Nc3 g6 4. Nf3 Bg7 5. Be2 O-O 6. O-O c6 7. Bf4 Nbd7 8. Qd2 b5 9. e5 dxe5 10. Nxe5 Nxe5
11. Bxe5 Bf5 12. Bf3 Rc8 13. Rfe1 Qb6 14. a4 b4 15. Nd1 c5 16. Ne3 Ne4 17. Qe2 cxd4 18. Nd5 Qc5 19. Bxg7 Kxg7 20. Bxe4 Bxe4
21. Qxe4 Rfe8 22. Qe5+ f6 23. Qe6 Rcd8 24. Nxe7 Qxc2 25. Rac1 b3 26. Rxc2 bxc2 27. Qc6 d3 28. Qc7 Kh8 29. Qc3 Kg7 30. Qd2 c1=B
31. Nf5+ gxf5 32. Rxe8 Bxd2 33. Rxd8 Bc1 34. Rxd3 Bxb2 35. a5 Kg6 36. a6 Be5 37. Rd7 Bb8 38. Rb7 Be5 39. Rxa7 h5 40. Rd7
1-0

[Event "8 Player Open 11"]
[Site "SchemingMind.com"]
[Date "2014.09.10"]
[Round "-"]
[White "GBEDARD"]
[Black "Don71"]
[Result "0-1"]
[WhiteCountry "USA"]
[BlackCountry "NIR"]
[WhiteElo "1979"]
[WhiteRD "67"]
[BlackElo "2325"]
[BlackRD "85"]
[GameID "364313"]

1. e4 e6 2. d4 d5 3. Nc3 Nf6 4. Bg5 dxe4 5. Nxe4 Be7 6. Bxf6 gxf6 7. Nf3 f5 8. Nc3 a6 9. g3 b5 10. Bg2 Bb7
11. O-O Qd6 12. Ne5 Bxg2 13. Kxg2 c5 14. Qh5 Rf8 15. Ne2 cxd4 16. Nf3 Nd7 17. Nexd4 Nf6 18. Qh6 Rg8 19. a4 b4 20. Rfe1 Rg6
21. Qh3 Rg4 22. Red1 Qc5 23. Rd3 h5 24. Rad1 Rd8 25. R3d2 h4 26. Nb3 Qc6 27. Rxd8+ Bxd8 28. Nd4 Qd5 29. Rd3 Bb6 30. Ne2 Qc5
31. Ned4 Ne4 32. c3 bxc3 33. bxc3 Nxc3 34. a5 Ne2 35. Kf1 Nxd4 36. axb6 Qc1+ 37. Kg2 Ne2
0-1

[Event "8 Player Open 11"]
[Site "SchemingMind.com"]
[Date "2014.09.09"]
[Round "-"]
[White "Don71"]
[Black "ray winteringham"]
[Result "1-0"]
[WhiteCountry "NIR"]
[BlackCountry "ENG"]
[WhiteElo "2375"]
[WhiteRD "92"]
[BlackElo "1522"]
[BlackRD "52"]
[GameID "364314"]

1. d4 d5 2. Bf4 e6 3. e3 Be7 4. Bd3 Nf6 5. Nf3 c5 6. O-O c4 7. Be2 h6 8. b3 b5 9. a4 Bd7 10. axb5 Bxb5
11. Nc3 Qb6 12. Nxb5 Qxb5 13. bxc4 dxc4 14. Rb1 Qc6 15. Rxb8+ Rxb8 16. Bxb8 O-O 17. Bg3 a5 18. Ne5 Qc8 19. Qa1 Ne4 20. Qxa5 c3
21. Bd3 Nd2 22. Ra1 Qb7 23. Qxc3 Bb4 24. Qb2 Rb8 25. c3 Bxc3 26. Qxb7 Rxb7 27. Ra8+
1-0

[Event "8 Player Open 11"]
[Site "SchemingMind.com"]
[Date "2014.09.10"]
[Round "-"]
[White "ray winteringham"]
[Black "Don71"]
[Result "0-1"]
[WhiteCountry "ENG"]
[BlackCountry "NIR"]
[WhiteElo "1522"]
[WhiteRD "52"]
[BlackElo "2375"]
[BlackRD "92"]
[GameID "364315"]

1. e4 e5 2. Nc3 Nc6 3. d3 Bb4 4. Bd2 Nf6 5. a3 Bxc3 6. Bxc3 d5 7. exd5 Nxd5 8. Qd2 Nxc3 9. Qxc3 O-O 10. Nf3 Nd4
11. Be2 Re8 12. Nd2 Re6 13. Bd1 Rc6 14. Qa5 b6 15. Qa4 Bd7 16. c4 Rg6 17. Qb4 Rxg2 18. Nf3 Qf6 19. Qd2 Nxf3+ 20. Bxf3 Qxf3
21. Qe2 Rxf2 22. Qxf3 Rxf3 23. O-O-O Rd8
0-1

[Event "8 Player Open 11"]
[Site "SchemingMind.com"]
[Date "2014.09.09"]
[Round "-"]
[White "Don71"]
[Black "Sahajaxx"]
[Result "1/2-1/2"]
[WhiteCountry "NIR"]
[BlackCountry "ENG"]
[WhiteElo "2325"]
[WhiteRD "85"]
[BlackElo "2186"]
[BlackRD "78"]
[GameID "364316"]

1. e4 e6 2. d4 d5 3. Nc3 dxe4 4. Nxe4 Be7 5. Nf3 Nf6 6. Nxf6+ Bxf6 7. Bd3 c5 8. c3 cxd4 9. Nxd4 Bxd4 10. cxd4 Nc6
11. Be3 Qa5+ 12. Bd2 Qb6 13. Bc3 O-O 14. O-O Nb4 15. Be4 Nd5 16. Qf3 Nxc3 17. bxc3 Rb8 18. Rfe1 Qc7 19. Bc2 b6 20. Qe4 g6
21. Re3 Rd8 22. Bb3 Bb7 23. Qh4 Qc6 24. Rf3 Rd7 25. Re1 Rc8 26. Qh6 a5 27. a3 b5 28. Rg3 a4 29. Ba2 Rdc7 30. f4 Ba8
31. Re2 Qd6 32. f5 Rxc3 33. fxe6 Qxd4+= 34. Rge3 Rc1+ 35. Kf2 f5 36. e7+ R1c4 37. Kf1 Be4 38. Bxc4+ bxc4 39. Rh3 Qg7 40. Qxg7+ Kxg7
41. Kf2 Re8 42. Rc3 Bd3 43. Re6 Kf7 44. Ra6 Rxe7 45. Rxa4 Kf6 46. Raxc4 Bxc4 47. Rxc4 Ra7 48. a4 Ke5 49. Ke3 Kd5 50. Kd3 Re7
51. Rh4 Kc5=
1/2-1/2

[Event "8 Player Open 11"]
[Site "SchemingMind.com"]
[Date "2014.09.10"]
[Round "-"]
[White "Sahajaxx"]
[Black "Don71"]
[Result "1/2-1/2"]
[WhiteCountry "ENG"]
[BlackCountry "NIR"]
[WhiteElo "2188"]
[WhiteRD "77"]
[BlackElo "2375"]
[BlackRD "92"]
[GameID "364317"]

1. Nf3 d5 2. d4 Nf6 3. c4 e6 4. Nc3 c5 5. Bg5 cxd4 6. Nxd4 e5 7. Bxf6 gxf6 8. Nb3 d4 9. Nd5 Nd7 10. e4 Nb6
11. Bd3 Nxd5 12. cxd5 Rg8 13. g3 Qb6 14. O-O Bh3 15. Re1 Bg4 16. Be2 Bd7 17. Rc1 Bb4 18. Nd2 Qa5 19. Nc4 Qd8 20. Nd2 Qa5
21. Nc4 Qd8 22. Nd2=
1/2-1/2

[Event "8 Player Open 11"]
[Site "SchemingMind.com"]
[Date "2014.09.09"]
[Round "-"]
[White "Don71"]
[Black "Stephen Woodhouse"]
[Result "1-0"]
[WhiteCountry "NIR"]
[BlackCountry "ENG"]
[WhiteElo "2384"]
[WhiteRD "97"]
[BlackElo "1838"]
[BlackRD "49"]
[GameID "364318"]

1. e4 e6 2. Nc3 d5 3. d4 Nf6 4. Bg5 dxe4 5. Nxe4 Be7 6. Nc3 O-O 7. Nf3 Nd5 8. Bxe7 Qxe7 9. Qd2 Nd7 10. Bb5 e5
11. Nxd5
1-0

[Event "8 Player Open 11"]
[Site "SchemingMind.com"]
[Date "2014.09.09"]
[Round "-"]
[White "Stephen Woodhouse"]
[Black "Don71"]
[Result "0-1"]
[WhiteCountry "ENG"]
[BlackCountry "NIR"]
[WhiteElo "1811"]
[WhiteRD "48"]
[BlackElo "2375"]
[BlackRD "92"]
[GameID "364319"]

1. e4 e5 2. Nf3 Nc6 3. d4 exd4 4. Nxd4 Qh4 5. Nc3 Bb4 6. Be2 Qxe4 7. Nb5 Bxc3+ 8. bxc3 Kd8 9. O-O Nge7 10. Bf3 Qc4
11. Rb1 a6 12. Nd4 Ne5 13. Ba3 d6 14. Re1 Nxf3+ 15. Qxf3 Re8 16. Nb3 Nc6 17. Rxe8+ Kxe8 18. Re1+ Kf8 19. Re4 Qb5 20. h4 Bf5
21. Rf4 Be6 22. Kh2 Re8 23. Nd2 Qa5 24. Bb4 Qxa2 25. Ne4 h6 26. c4 Nxb4
0-1

[Event "8 Player Open 11"]
[Site "SchemingMind.com"]
[Date "2014.09.14"]
[Round "-"]
[White "Don71"]
[Black "Helga1946"]
[Result "1-0"]
[WhiteCountry "NIR"]
[BlackCountry "GER"]
[WhiteElo "2327"]
[WhiteRD "91"]
[BlackElo "2177"]
[BlackRD "78"]
[GameID "364320"]

1. e4 c5 2. Nf3 Nc6 3. Nc3 g6 4. d4 cxd4 5. Nxd4 Bg7 6. Be3 Nf6 7. Nxc6 bxc6 8. e5 Ng8 9. f4 Nh6 10. Qf3 O-O
11. O-O-O d5 12. h3 f6 13. Bc4 e6 14. exf6 Bxf6 15. Bb3 a5 16. Na4 Rb8 17. Qf2 Nf5 18. Bb6 Bh4 19. Qc5 Qe8 20. g4 Ng3
21. Rhe1 Rb7 22. Qxa5 Rxf4 23. Nc5 Rbf7 24. Qa8 Rf1 25. c4 Bg5+ 26. Kb1 Rxe1 27. Rxe1 Rf1 28. Ba5 Rxe1+ 29. Bxe1 Nf1 30. Ba4 Bd2
31. Bh4 g5 32. cxd5 gxh4 33. Ne4 Qf8 34. Qxc6 Bb4 35. d6 Ng3 36. Nf6+ Qxf6 37. Qxc8+ Qf8 38. Qxe6+ Kg7 39. d7 Be7 40. Bb5 Qf6
41. Qd5 Bd8 42. a4 Qg6+ 43. Bd3 Qf7 44. Qe5+ Qf6 45. Qc5 Qf3 46. Qc3+ Bf6 47. Qc4 Bd8 48. g5 Bxg5 49. Qd4+ Kh6 50. Ka2 Qa8
51. Ka3 Bd8 52. b4 Qh1 53. Qd6+ Kg7 54. Qe5+ Kh6 55. a5 Qxh3 56. Qe8 Ne4 57. Qxe4 Qxd7 58. Bc4 h3 59. Qe5 Qd2 60. Bd5 Bg5
61. Ka4 h2 62. Kb5 Qf2 63. Qe6+ Bf6 64. Ka6 Kg5 65. Qg8+ Kh6 66. b5 Qf5 67. Qg2 Be5 68. b6 Bf4 69. Qe4 Qf6 70. Qe8 Kg5
71. Bf3 Be5 72. Qh5+ Kf4 73. Qg4+ Ke3 74. Qe4+ Kf2 75. Bh1 h6 76. Qg2+ Ke3 77. Qc6 Qg5 78. Qc1+ Kf2 79. Qxg5 hxg5 80. Kb5 Kg1
81. Be4 g4 82. a6 g3 83. a7 g2 84. Bxg2 Kxg2 85. a8=Q+ Kg1 86. Qg8+ Kf2 87. Qa2+ Ke3 88. Qg2 Kd4 89. b7 Bb8 90. Qf3 Ke5
91. Kc4 Ke6 92. Qh3+ Ke7 93. Qh6 Bg3 94. Kc5 Kf7 95. Qh5+ Ke7 96. Qe2+ Kd7 97. Qg4+ Ke7 98. Qxg3 h1=Q 99. Qe5+ Kf7 100. Qd5+
1-0

[Event "8 Player Open 11"]
[Site "SchemingMind.com"]
[Date "2014.09.14"]
[Round "-"]
[White "Helga1946"]
[Black "Don71"]
[Result "1/2-1/2"]
[WhiteCountry "GER"]
[BlackCountry "NIR"]
[WhiteElo "2146"]
[WhiteRD "80"]
[BlackElo "2325"]
[BlackRD "85"]
[GameID "364321"]

1. e4 e5 2. Nf3 Nc6 3. Bb5 a6 4. Bxc6 dxc6 5. O-O Bg4 6. h3 Bh5 7. g4 Bg6 8. Nxe5 Bd6 9. Nxg6 hxg6 10. Qf3 Qh4
11. d4 Qxh3 12. Qxh3 Rxh3 13. e5 Be7 14. Nc3 Rd8 15. Rd1 Rh4 16. f3 f5 17. gxf5 Rdxd4 18. fxg6 Rc4 19. Kg2 Rh5 20. f4 Bb4
21. Rd3 Bxc3 22. Rxc3 Rxc3 23. bxc3 Ne7 24. Rb1 b6 25. c4 c5 26. a4 a5 27. Rb3 Nxg6 28. Rh3 Nh4+ 29. Kg3 Nf5+ 30. Kg4 Rxh3
31. Kxh3 Ke7 32. Kg4 g6 33. c3 Kf7 34. Bd2 Kf8 35. Kf3=
1/2-1/2

[Event "8 Player Open 11"]
[Site "SchemingMind.com"]
[Date "2014.09.10"]
[Round "-"]
[White "Don71"]
[Black "Chessibelle"]
[Result "1-0"]
[WhiteCountry "NIR"]
[BlackCountry "ENG"]
[WhiteElo "2375"]
[WhiteRD "92"]
[BlackElo "1241"]
[BlackRD "62"]
[GameID "364330"]

1. e4 e5 2. Nf3 Nc6 3. Bb5 Nge7 4. O-O d6 5. d4 Bd7 6. d5 Nb8 7. Bxd7+ Qxd7 8. c4 c6 9. dxc6 Nbxc6 10. Nc3 f6
11. Be3 h6 12. Qa4 g5 13. Rad1 Bg7 14. c5 O-O 15. Rxd6 Qg4 16. Rfd1 Rfe8 17. Rd7 b6 18. R1d6 Rec8 19. h3 Qh5 20. Qb3+ Kh7
21. Nd5 Bf8 22. Nxf6+
1-0

[Event "8 Player Open 11"]
[Site "SchemingMind.com"]
[Date "2014.09.10"]
[Round "-"]
[White "Chessibelle"]
[Black "Don71"]
[Result "0-1"]
[WhiteCountry "ENG"]
[BlackCountry "NIR"]
[WhiteElo "1241"]
[WhiteRD "62"]
[BlackElo "2375"]
[BlackRD "92"]
[GameID "364331"]

1. Nf3 d5 2. d4 Bf5 3. e3 e6 4. Nc3 Nf6 5. Bb5+ Nbd7 6. Bd2 Bd6 7. O-O O-O 8. Ne5 Nxe5 9. b3 Ned7 10. g3 c6
11. Be2 b5 12. a4 b4 13. Na2 a5 14. c3 Ne4 15. Bc1 Nxc3 16. Nxc3 bxc3 17. f3 Rb8 18. g4 Bg6 19. Qe1 Rxb3 20. f4 Be4
21. Qd1 c2 22. Qe1 Rb1 23. Ra2 Qb6 24. Qd2 Qb3 25. g5 Bb4 26. Rb2 Qxb2 27. Ba6 Bxd2 28. Bxb2 Bxe3#
0-1

[Event "8 Player Open 11"]
[Site "SchemingMind.com"]
[Date "2014.09.09"]
[Round "-"]
[White "khayman"]
[Black "Chessibelle"]
[Result "1-0"]
[WhiteCountry "ENG"]
[BlackCountry "ENG"]
[WhiteElo "2445"]
[WhiteRD "113"]
[BlackElo "1264"]
[BlackRD "64"]
[GameID "364332"]

1. e4 e5 2. Nf3 Nf6 3. Nxe5 g6 4. Bc4 d5 5. exd5 Nxd5 6. O-O Bg7 7. Nxf7 Kxf7 8. Qf3+ Bf6 9. Bxd5+ Kg7 10. d3 c6
11. Be4 Be6 12. Nc3 Nd7 13. Bf4 Qe8 14. Qe3 g5 15. Bxg5 Be5 16. Bh6+ Kf7 17. Rae1 Rg8 18. Bxh7 Rg4 19. h3 Rh4 20. Ne4 Qh8
21. f4 Bxb2 22. Ng5+ Ke7 23. Qxe6+ Kd8 24. Nf7+
1-0

[Event "8 Player Open 11"]
[Site "SchemingMind.com"]
[Date "2014.09.09"]
[Round "-"]
[White "Chessibelle"]
[Black "khayman"]
[Result "0-1"]
[WhiteCountry "ENG"]
[BlackCountry "ENG"]
[WhiteElo "1264"]
[WhiteRD "64"]
[BlackElo "2445"]
[BlackRD "113"]
[GameID "364333"]

1. Nf3 g6 2. d4 Bg7 3. Nc3 c5 4. e3 cxd4 5. Nxd4 Nf6 6. Be2 Nc6 7. b3 O-O 8. O-O d5 9. g3 e5 10. Ba3 exd4
11. exd4 Re8 12. Bf3 Ne4 13. Bc1 Nxc3 14. Qd3 Nxd4 15. Bg2 Bf5 16. Qxc3 Ne2+
0-1

[Event "8 Player Open 11"]
[Site "SchemingMind.com"]
[Date "2014.09.09"]
[Round "-"]
[White "GBEDARD"]
[Black "Chessibelle"]
[Result "1-0"]
[WhiteCountry "USA"]
[BlackCountry "ENG"]
[WhiteElo "2034"]
[WhiteRD "64"]
[BlackElo "1264"]
[BlackRD "64"]
[GameID "364334"]

1. e4 e5 2. Nf3 Nc6 3. Bb5 Nf6 4. O-O Nxe4 5. d4 Bd6 6. Re1 Nf6 7. Bxc6 dxc6 8. dxe5 O-O 9. exd6 cxd6 10. Nc3 d5
11. Bg5 Qd6 12. Qd4 c5 13. Qh4 Bf5 14. Bxf6 gxf6 15. Rad1 Bg6 16. Rxd5 Qb6 17. Na4 Qc6 18. Rxc5 Qd6 19. Qd4 Qa6 20. Nc3 b6
21. Qxf6 Qb7 22. Rce5 a6 23. Nd5 Rac8 24. Ne7+
1-0

[Event "8 Player Open 11"]
[Site "SchemingMind.com"]
[Date "2014.09.09"]
[Round "-"]
[White "Chessibelle"]
[Black "GBEDARD"]
[Result "0-1"]
[WhiteCountry "ENG"]
[BlackCountry "USA"]
[WhiteElo "1264"]
[WhiteRD "64"]
[BlackElo "2034"]
[BlackRD "64"]
[GameID "364335"]

1. Nf3 Nf6 2. d4 e6 3. Bd2 d5 4. Nc3 Nc6 5. e3 Bd7 6. Bd3 Nb4 7. Be2 a6 8. Ne5 Bd6 9. O-O Nc6 10. f4 O-O
11. g3 Qe7 12. a3 Rae8 13. Na4 Nxd4 14. exd4 Bxa4 15. b3 Bd7 16. b4 Ne4 17. Bc1 Bxe5 18. dxe5 Nc3 19. Qd3 Nxe2+ 20. Qxe2 Bb5
21. Qf3 Bxf1 22. Kxf1 c5 23. Qg4 cxb4 24. Bb2 Rc8 25. Qe2 Rc4 26. a4 Rfc8 27. c3 bxc3 28. Ba3 Rxa4 29. Bxe7 Rxa1+
0-1

[Event "8 Player Open 11"]
[Site "SchemingMind.com"]
[Date "2014.09.09"]
[Round "-"]
[White "ray winteringham"]
[Black "Chessibelle"]
[Result "1-0"]
[WhiteCountry "ENG"]
[BlackCountry "ENG"]
[WhiteElo "1518"]
[WhiteRD "50"]
[BlackElo "1264"]
[BlackRD "64"]
[GameID "364336"]

1. d4 d5 2. c4 Nf6 3. Nf3 Nc6 4. e3 e6 5. c5 Be7 6. Be2 b6 7. cxb6 cxb6 8. Bd2 Ne4 9. Nc3 O-O 10. O-O Bd6
11. h3 Ne7 12. Qa4 Qc7 13. Nb5 Qb8 14. Bb4 Nf5 15. Qa3 a6 16. Nxd6 Nfxd6 17. Ne5 Re8 18. f3 a5 19. Nc6 Qc7 20. Bxd6 Qxc6
21. fxe4 dxe4 22. Rf3 exf3 23. Bxf3 Qc2 24. Bxa8 Ba6 25. Bf3 f5 26. Qb3 Qd2 27. Bf4 Bc8 28. Qxb6 Qd3 29. Qxa5 h6 30. Qa4 Qd2
31. Qxe8+ Kh7 32. Qxc8 Qxb2 33. Rc1 Kg6 34. Qe8+
1-0

[Event "8 Player Open 11"]
[Site "SchemingMind.com"]
[Date "2014.09.09"]
[Round "-"]
[White "Chessibelle"]
[Black "ray winteringham"]
[Result "0-1"]
[WhiteCountry "ENG"]
[BlackCountry "ENG"]
[WhiteElo "1264"]
[WhiteRD "64"]
[BlackElo "1518"]
[BlackRD "50"]
[GameID "364337"]

1. Nf3 Nc6 2. d4 d5 3. Nc3 Nf6 4. e3 e6 5. Bb5 Bd7 6. O-O Bd6 7. Bd2 Qe7 8. Re1 a6 9. Bd3 g6 10. g3 O-O
11. Ne2 e5 12. c3 e4 13. Bc2 Na5 14. b4 Nc4 15. Bc1 Nh5 16. Bb3 exf3 17. Nf4 Nxf4 18. exf4 Qf6 19. Qxf3 Bc6 20. Qd1 b5
21. Bc2 Bd7 22. Qf3 c6 23. a4 Rae8 24. Ba3 a5 25. Re2 Rxe2 26. Qxe2 axb4 27. cxb4 Qxd4 28. Ra2 Nxa3 29. Rxa3 Qxb4 30. Re3 h5
31. h4 Bc5 32. Rb3 Qxa4 33. Rb1 Qd4 34. Rf1 Re8 35. Qf3 Bh3 36. Rd1 Qc4 37. Bd3 Qa4 38. Kh2 Bg4 39. Qg2 Qxd1 40. Bxg6 fxg6
0-1

[Event "8 Player Open 11"]
[Site "SchemingMind.com"]
[Date "2014.09.09"]
[Round "-"]
[White "Chessibelle"]
[Black "Sahajaxx"]
[Result "0-1"]
[WhiteCountry "ENG"]
[BlackCountry "ENG"]
[WhiteElo "1264"]
[WhiteRD "64"]
[BlackElo "2191"]
[BlackRD "77"]
[GameID "364338"]

1. Nf3 Nf6 2. d4 d5 3. Nc3 c6 4. e3 Bg4 5. Be2 e6 6. Bd3 Bb4 7. Bd2 O-O 8. Be2 Nbd7 9. h3 Bh5 10. O-O h6
11. Bd3 Qe7 12. Be2 Bd6 13. b3 Bg6 14. Nh4 Bh7 15. g3 Ne4 16. Nxe4 dxe4 17. Be1 f5 18. f3 g5 19. Ng2 exf3 20. Bxf3 Nf6
21. c4 Rad8 22. Ba5 b6 23. Bc3 Bxg3 24. Bxc6 Bc7 25. Qf3 Qd6 26. Kf2 Ne4+ 27. Ke1 Nxc3 28. a3 Ne4 29. Bb7 Qg3+ 30. Ke2 Qxf3+
31. Rxf3 Ng3+ 32. Ke1 g4 33. Rf2 Ne4 34. Rf1 gxh3 35. Nh4 Bg3+ 36. Kd1 Bxh4 37. Rg1+ Ng3 38. Kc2 Rd7 39. Bc6 Rg7 40. d5 h2
41. d6 hxg1=Q 42. Rxg1 f4+ 43. Kd1 fxe3 44. Re1 e2+ 45. Kd2 Nf1+ 46. Kxe2 Bxe1 47. Kxe1 Ne3 48. Bb5 Rg2 49. Bd7 Rf1#
0-1

[Event "8 Player Open 11"]
[Site "SchemingMind.com"]
[Date "2014.09.09"]
[Round "-"]
[White "Sahajaxx"]
[Black "Chessibelle"]
[Result "1-0"]
[WhiteCountry "ENG"]
[BlackCountry "ENG"]
[WhiteElo "2191"]
[WhiteRD "77"]
[BlackElo "1264"]
[BlackRD "64"]
[GameID "364339"]

1. d4 d5 2. c4 Nf6 3. Bg5 e6 4. Nc3 Be7 5. cxd5 exd5 6. e3 Be6 7. Bd3 c6 8. Nf3 Qb6 9. Qc2 Na6 10. a3 O-O
11. O-O c5 12. Na4 Qc7 13. dxc5 Nxc5 14. Nxc5 Bxc5 15. Bxf6 g6 16. b4 b6 17. bxc5 bxc5 18. Be5 Qe7 19. Bb5 f6 20. Bg3 a6
21. Be2 c4 22. Nd4 Bd7 23. Rfb1 g5 24. Rb7 Qd8 25. Ne6 Qe8 26. Nxf8 Kxf8 27. Qxh7 Rd8 28. Bd6+
1-0

[Event "8 Player Open 11"]
[Site "SchemingMind.com"]
[Date "2014.09.09"]
[Round "-"]
[White "Chessibelle"]
[Black "Stephen Woodhouse"]
[Result "0-1"]
[WhiteCountry "ENG"]
[BlackCountry "ENG"]
[WhiteElo "1264"]
[WhiteRD "64"]
[BlackElo "1838"]
[BlackRD "49"]
[GameID "364340"]

1. Nf3 e6 2. d4 f5 3. e3 Nf6 4. Nc3 b6 5. Bb5 Bb4 6. Bd2 Bb7 7. a3 Bxc3 8. Bxc3 O-O 9. O-O Ne4 10. Bb4 d6
11. Bc4 Qf6 12. g3 Nd7 13. Bb5 Rad8 14. Qd3 Ng5 15. h4 Nxf3+ 16. Kh1 Ne1+
0-1

[Event "8 Player Open 11"]
[Site "SchemingMind.com"]
[Date "2014.09.09"]
[Round "-"]
[White "Stephen Woodhouse"]
[Black "Chessibelle"]
[Result "1-0"]
[WhiteCountry "ENG"]
[BlackCountry "ENG"]
[WhiteElo "1838"]
[WhiteRD "49"]
[BlackElo "1264"]
[BlackRD "64"]
[GameID "364341"]

1. e4 e5 2. Nf3 Nc6 3. d4 Qe7 4. Nc3 Nf6 5. Bg5 d6 6. Nd5 Qd8 7. Bb5 Bd7 8. O-O a6 9. Bxc6 Bxc6 10. dxe5 Bxd5
11. exf6 gxf6 12. Qxd5 Be7 13. Bh6 c6 14. Qh5 Qd7 15. Nh4 d5 16. exd5 cxd5 17. Rfe1 Rg8 18. Nf5 Rg6 19. Rxe7+
1-0

[Event "8 Player Open 11"]
[Site "SchemingMind.com"]
[Date "2014.09.14"]
[Round "-"]
[White "Chessibelle"]
[Black "Helga1946"]
[Result "0-1"]
[WhiteCountry "ENG"]
[BlackCountry "GER"]
[WhiteElo "1241"]
[WhiteRD "62"]
[BlackElo "2107"]
[BlackRD "89"]
[GameID "364342"]

1. Nf3 d5 2. d4 Nf6 3. e3 e6 4. Nc3 Bd7 5. Bd3 c5 6. O-O Nc6 7. Ne5 cxd4 8. Ne2 Nxe5 9. c3 dxc3 10. Nxc3 Qb6
11. Na4 Qa5 12. Nc3 Nxd3 13. Bd2 Nxb2 14. Qb3 Qb6 15. Qc2 Nc4 16. Rab1 Qa6 17. Be1 Na3 18. Qc1 Nxb1 19. Qxb1 Rc8 20. Bd2 Bd6
21. f4 O-O 22. g3 Ng4 23. Qd1 Rxc3 24. Qxg4 Rc2 25. Be1 Qxa2 26. Bf2 Bb5 27. Kg2 Bxf1+
0-1

[Event "8 Player Open 11"]
[Site "SchemingMind.com"]
[Date "2014.09.14"]
[Round "-"]
[White "Helga1946"]
[Black "Chessibelle"]
[Result "1-0"]
[WhiteCountry "GER"]
[BlackCountry "ENG"]
[WhiteElo "2107"]
[WhiteRD "89"]
[BlackElo "1241"]
[BlackRD "62"]
[GameID "364343"]

1. e4 e5 2. Nf3 Nc6 3. Bb5 Nge7 4. Nc3 d6 5. d4 Bd7 6. d5 Na5 7. Bxd7+ Qxd7 8. Qd3 b6 9. O-O g6 10. b4 Nb7
11. Qa6 Nd8 12. Be3 Bg7 13. a4 O-O 14. a5 f5 15. axb6 Nf7 16. b7 Rab8 17. Bxa7 c6 18. Bxb8 Rxb8 19. dxc6 Nxc6 20. Nd5 Nfd8
21. exf5 Qxf5 22. b5 Qd7 23. bxc6 Nxc6 24. Qxc6 Qe6 25. Ra8 h5 26. Ng5 Qf5 27. Ne7+
1-0